000 01317cam a2200289 4500
001 6046
010 _a9724118940
021 _b105741/96
090 _a6046
100 _a20211231d1997 m||y0pory5003 ba
200 1 _aDicionário de ciências económicas
_fAlain Beitone, Christine Dollo, Jean-Pierre Guidoni, Alain Legardez
_gtrad. G. Cascais Franco
210 9 _aPorto
_cAsa
_d1997
215 _a335, [1] p.
_cil.
225 2 _aDicionários Asa
304 _aTít. orig.: Dictionnaire des sciences économiques
330 _aCerca de 1250 entradas, colocadas por ordem alfabética, com definições simples e essenciais dos principais conceitos económicos; mais de 20 artigos temáticos sobre as noções fundamentais e as problemáticas que aparecem nos debates contemporâneos; um reenvio sistemático para noções correlativas, a fim de permitir o aprofundamento de determinado tema; referências bibliográficas e conselhos de leitura.
606 _9811
_aEconomia
606 _9812
_aFinanças
675 _a33(030)
_vBN
_zpor
700 _95740
_aBeitone
_bAlain
_f1950-2019
701 _aDollo
_bChristine
_95743
_f1962-
701 _aGuidoni
_bJean-Pierre
_95744
701 _aLegardez
_bAlain
_95745
702 _aFranco
_bCascais
_91367
801 0 _aPT
_bBMVN
_gRPC
830 _cInês Silva
_d31/12/2021
990 _cLIVROS